STN EN ISO 13426-1: 2020 (80 6181), Geotextílie a geotextíliám podobné výrobky. Pevnosť vnútorných štrukturálnych spojov Časť 1 Geobunky. (ISO 13421-1: 2019)
Táto norma je slovenskou verziou európskej normy EN ISO 13426-1: 2019. Preklad zabezpečil Úrad pre normalizáciu, metrológiu a skúšobníctvo Slovenskej republiky. Táto norma má rovnaké postavenie, ako majú oficiálne verzie
| Corporate Author: | |
|---|---|
| Other Authors: | |
| Format: | Book |
| Language: | Slovak English |
| PhysicalDescription: | 16 s. obr. 30 cm |
| Published: |
Bratislava
Úrad pre normalizáciu, metrológiu a skúšobníctvo Slovenskej republiky
2020
|
| Subjects: |
MARC
| LEADER | 00000nam a2200000 a 4500 | ||
|---|---|---|---|
| 001 | vtls012060019 | ||
| 003 | SK-MaSNL | ||
| 005 | 20260301044316.0 | ||
| 008 | 210625s2020 xo a f u 000 0 slo | ||
| 015 | |a SNBN2021 | ||
| 040 | |a SNK |b slo |c SNK |e AACR2 | ||
| 041 | 1 | |a slo |h eng | |
| 044 | |a xo |c SK | ||
| 046 | |a s |m 20201201 (účin.) | ||
| 072 | 7 | |a 624 |x Stavebné inžinierstvo |2 konspekt | |
| 080 | |a 624.13 |2 2011 | ||
| 080 | |a 006.7/.8 |2 2011 | ||
| 080 | |a (437.6) |2 2011 | ||
| 080 | |a (4) |2 2011 | ||
| 084 | |a 59.080.70 |2 ICS | ||
| 130 | 0 | |a STN 80 6181 (STN EN ISO 13426-1) |9 350522 | |
| 245 | 1 | 0 | |a STN EN ISO 13426-1: 2020 (80 6181), Geotextílie a geotextíliám podobné výrobky. Pevnosť vnútorných štrukturálnych spojov |n Časť 1 |p Geobunky. (ISO 13421-1: 2019) |
| 246 | 1 | 0 | |a Geotextílie a geotextíliám podobné výrobky |
| 246 | 1 | 0 | |a Pevnosť vnútorných štrukturálnych spojov. Časť 1 |
| 246 | 1 | 0 | |a Geobunky |
| 246 | 3 | 0 | |a EN ISO 13426-1:2019, ISO 13426-1:2019 |
| 246 | 1 | 0 | |a (ISO 13421-1: 2019) |
| 260 | |a Bratislava |b Úrad pre normalizáciu, metrológiu a skúšobníctvo Slovenskej republiky |c 2020 | ||
| 300 | |a 16 s. |b obr. |c 30 cm | ||
| 500 | |a Súbežný názov v angličtine, francúzštine, nemčine | ||
| 500 | |a Spracovateľ: Viktor Tóth | ||
| 500 | |a Táto norma nahrádza anglickú verziu STN EN ISO 13426-1 z júna 2020, ktorá od 1. 6. 2020 nahradila STN EN ISO 13426-1 z decembra 2003 v celom rozsahu | ||
| 504 | |a Normatívne referenčné dokumenty s. 2 ; literatúra s. 15 | ||
| 520 | 8 | |a Táto norma je slovenskou verziou európskej normy EN ISO 13426-1: 2019. Preklad zabezpečil Úrad pre normalizáciu, metrológiu a skúšobníctvo Slovenskej republiky. Táto norma má rovnaké postavenie, ako majú oficiálne verzie | |
| 540 | |a STN vydané na akomkoľvek nosiči sa môžu rozmnožovať a rozširovať iba so súhlasom určenej právnickej osoby |b SÚTN Bratislava |c zákon 60/2018 Z. z. | ||
| 650 | 0 | 7 | |a geotechnika |2 SNKPH |9 15397 |
| 650 | 0 | 7 | |a technické normy a štandardy |z Slovensko |2 SNKPH |9 79594 |
| 650 | 0 | 7 | |a technické normy a štandardy |z krajiny Európskej únie |2 SNKPH |9 289341 |
| 650 | 0 | 7 | |a Geotechnics |2 SNKPHeng |9 311822 |
| 650 | 0 | 7 | |a geotextílie |2 SNKPH |9 79577 |
| 650 | 0 | 7 | |a geobunky |2 SNKPH |9 350523 |
| 655 | 7 | |a normy |2 SNKPH |9 70643 | |
| 700 | 1 | |a Tóth, Viktor |4 trl |9 335386 | |
| 710 | 1 | |a Slovensko. |b Úrad pre normalizáciu, metrológiu a skúšobníctvo |4 stn |9 158117 | |
| 710 | 2 | |a Slovenský ústav technickej normalizácie (Bratislava, Slovensko). |b Technická komisia č. 14 Geotechnika |4 stn |9 334125 | |
| 710 | 2 | |a Amberg Engineering Slovakia (Bratislava, Slovensko) |9 350524 | |
| 852 | |a Štátna vedecká knižnica v Banskej Bystrici | ||
| 958 | |a OP | ||
| 958 | |a NB | ||
| 999 | |c 595698 |d 597628 | ||
| 952 | |a SNK |b SNK |y PREZ |7 0 |p 17A1448725 |o snkSTN EN ISO 13426-1 |i snk2021/18689 |8 0 |0 0 |1 0 |4 0 |d 2021-11-19 |l 0 |r 2026-02-23 15:38:00 |w 2026-02-23 | ||
| 952 | |a SNK |b SNK |y PREZ |7 0 |p 17A1448724 |o snkSTN EN ISO 13426-1 D1 |i snk2021/18690 |8 0 |0 0 |1 0 |4 0 |d 2021-11-19 |l 0 |r 2026-02-23 15:38:00 |w 2026-02-23 | ||


